000 01428nam a2200301 i 4500
001 180107
003 ES-MaACL
005 20250902085406.0
008 120417s2011 sp ae |||| |dspa d
020 _a978-84-89318-30-4
080 _a267(460.27 M.)(091)
080 _a061.235(460.15)"17"
080 _a325.456(871 C.)(091)
100 1 _aBlanco Mozo, Juan Luis.
_9149810
245 1 0 _aOrígenes y desarrollo de la Ilustración vasca en Madrid (1713-1793)
_b: de la Congregación de San Ignacio a la Sociedad Bascongada de los Amigos del País /
_cJuan Luis Blanco Mozo.
260 _aMadrid :
_bReal Sociedad Bascongada de los Amigos del País,
_c2011.
300 _a467 p. :
_bil., planos ;
_c24 cm.
500 _aÍndices.
504 _aBibliografía: p. 415-440.
505 8 _aContiene: ;
_tLa Real Congregación de San Ignacio de Loyola - ;
_tLa Real Sociedad Bascongada de los Amigos del País en Madrid - ;
_tLa dirección en Madrid de la Real Compañía Guipuzcoana de Caracas
610 2 7 _aCongregación de San Ignacio de Loyola (Madrid)
_9149811
610 2 4 _aReal Sociedad Bascongada de los Amigos del País-
_vHistoria
_96367
610 2 7 _aReal Compañía Guipuzcoana de Caracas.
_9149812
710 2 _aReal Sociedad Bascongada de los Amigos del País
_96366
852 _aES-MaACL
_jA-12054
_9187017
_bR.148564
_cDEPO1
_dOlim: N-5059
942 _2udc
_cMONOGRAFIA
999 _c180107
_d180107